LEADER 02177nam a2200397 a 4500 001 000000167922 003 CaOOAMICUS 005 20180529092919.0 008 180529s2018 it u000 u ita r 020 $z978-88-13-36754-1* 032 $aLibriCat 040 $aPUL$bita 082 04$a346.45082 245 00$aCommentario al Testo unico delle leggi in materia bancaria e creditizia /$cdiretto da Francesco Capriglione ; con la collaborazione di Mirella Pellegrini, Marco Sepe, Vincenzo Troiano. 250 $a4. ed. 260 $aPadova :$bCEDAM,$c2018$aMilanofiori Assago :$bWolters Kluwer 300 $a3 v. ;$c24 cm. 500 $aTesto su due colonne. 505 0 $aV.1. Artt. 1-69. -- v. 2. Artt. 69 bis-114 octiesdecies. -- v. 3. Artt. 115-162. 650 4$aBanche e gestione bancaria$zItalia.$0(OLS)http://pul/subject/16892 650 4$aBanche$xLegislazione$vPeriodici.$0(OLS)http://pul/subject/27652 700 1 $aTroiano, Vincenzo.$0(OLS)http://pul/name/82763 700 1 $aSepe, Marco.$0(OLS)http://pul/name/82762 700 1 $aPellegrini, Mirella.$0(OLS)http://pul/name/70460 700 1 $aCapriglione, Francesco,$cavvocato,$d1938-$0(OLS)http://pul/name/8789 850 $aPUL 852 $aPUL$W1$xSL Diritto e Scienze Sociali 3$y79$m346. 45082 CAPFR 1.1$j191617$bv. 1$qDDC 21$B195731$CPULBib$Z2$F195731 $H130858 $81 852 $aPUL$W1$xSL Diritto e Scienze Sociali 3$y79$m346. 45082 CAPFR 1.2$j191618$bv. 2$qDDC 21$B195732$CPULBib$Z2$F195732 $H130859 $81 852 $aPUL$W1$xSL Diritto e Scienze Sociali 3$y79$m346. 45082 CAPFR 1.3$j191619$bv. 3$qDDC 21$B195733$CPULBib$Z2$F195733 $H130860 $81 941 1 $a9 996 $6020$z978-88-13-36754-1*$9(OLS)http://pul/number/164204 996 $6082$a346.45082$9(OLS)http://pul/classification/2995 996 $6245$aCommentario al Testo unico delle leggi in materia bancaria e creditizia$9(OLS)http://pul/title/208064 996 $6260$aPadova :$bCEDAM$9(OLS)http://pul/publisher/48126 996 $6260$aMilanofiori Assago :$bWolters Kluwer$9(OLS)http://pul/publisher/81463 LEADER 01874nam a2200373 a 4500 001 000000152192 003 CaOOAMICUS 005 20160610094711.0 008 160610s2016 it u000 u ita r 020 $a978-88-9317-116-8* 032 $aLibriCat 040 $aPUL$bita 082 04$a348.45 110 1 $aItalia.$0(OLS)http://pul/name/1188 240 10$aCodice dei contratti pubblici (2016).$0(OLS)http://pul/title/191579 245 10$aNuovo codice dei contratti pubblici :$baggiornato con la riforma dei contratti pubblici (D.L.vo 18 aprile 2016, n. 50) /$ca cura di Francesco Saverio Marini, Giuseppe Mazzotta, Alfredo Storto. 260 $aPiacenza :$bLa Tribuna,$cİ2016. 300 $a1191 p. ;$c19 cm. 490 1 $aI codici vigenti 2016 500 $aComprende indici. 500 $aTesto su due colonne. 500 $aSulla cop.: aggiornato con la riforma dei contratti pubblici (D.L.vo 18/04/2016, n. 50). 650 04$aContratti pubblici$zItalia.$0(OLS)http://pul/subject/34215 700 1 $aMarini, Francesco Saverio,$d1973-$0(OLS)http://pul/name/96868 700 1 $aStorto, Alfredo.$0(OLS)http://pul/name/96870 700 1 $aMazzotta, Giuseppe,$cgiurista.$0(OLS)http://pul/name/96869 830 0$aCodici vigenti 2016.$0(OLS)http://pul/title/189041 850 $aPUL 852 $aPUL$W1$xDP2 Diritto e Scienze Sociali 3$y110$m348. 45 COD 3.1.71$j174947$qDDC 21$B177500$CPULBib$Z2$F177500 $H127868 $81 996 $6020$a978-88-9317-116-8*$9(OLS)http://pul/number/160518 996 $6082$a348.45$9(OLS)http://pul/classification/373 996 $6245$aNuovo codice dei contratti pubblici :$baggiornato con la riforma dei contratti pubblici (D.L.vo 18 aprile 2016, n. 50)$9(OLS)http://pul/title/191580 996 $6260$aPiacenza :$bLa Tribuna$9(OLS)http://pul/publisher/69734